| 000 | 00308nam a22000977a 4500 | ||
|---|---|---|---|
| 008 | 150826b xxu||||| |||| 00| 0 eng d | ||
| 082 | _a338 .1 KIT | ||
| 100 | _aKNIGHT PETER T. | ||
| 245 |
_aBRAZILIAN AGRICULTURAL TECHNOLOGY AND TRADE: _bA STUDY OF FIVE COMMODITIES |
||
| 260 |
_aNWE YORK: _bPRAEGER PUBLISHERS _c1971. |
||
| 999 |
_c1014 _d1014 |
||